000 00751nam a22002177a 4500
001 6162
003 FISKH
005 20250321104532.0
008 250321b cb ||||| |||| 00| 0 eng d
020 _a9780076647576
040 _aFISKH
_beng
_cFISKH
_dFISKH
050 _aPZ7
082 _a900
100 _aSpielvogel, Jackson J.
245 _aDiscovering Our Past: A History of the World-Early Ages /
_cBy Jackson J.Spielvogel, Ph.D.
260 _aNew York :
_bMcGraw-Hill Education ;
_c2014.
300 _a757 pages :
_bcolor illustrations, maps ;
_c29 cm .
520 _aConnect to core World History content with an accessible, student-friendly text built on the principles of Understanding by Design.
942 _2ddc
_cBK
_n0
999 _c6162
_d6162